000 00409cam a22001217a 4500
008 180718b1981 xxu||||| |||| 00| 0 eng d
082 _aA81x54 In2/71/14/Pt6B
100 _aCensus of India 1971
245 _aMysore: special survey reports on selected towns, Sringeri
260 _aDelhi
_bThe Controller of Publications
_c1981
300 _a516+p.
440 _aCensus of India 1971. Series-14, Mysore. Part VI-B
999 _c485955
_d485955